000 00225nam a22000857a 4500
008 160704b xxu||||| |||| 00| 0 eng d
100 _91982
_a Chaturvedi, M
245 _aHow to Play Guitar
260 _aNew Delhi
_bFusion Books
_c2003
999 _c1682
_d1682